000 00753nam a2200181 a 4500
008 120416s1996 ||||||||||||||||| || u
020 _a1872748694
050 _aQH 431 Str
100 _aStrachan, Tom
245 1 0 _aHuman molecular genetics
260 _aOxford
_bBIOS Scientific
_c1996
300 _axiv, 611p.: ill.
350 _a0.00
650 0 _aGENETICS
650 _aHUMAN GENETICS
995 _aMEDICAL LIBRARY OPEN ACCESS
_D0.00
_e731700
_FCBU-SCHOOL OF MEDICINE LIBRARY (Ndola)
_H1
_I40.00
_jQH 431 Str
_M1
_UAVAILABLE
_y029403
_ZMedical Library Open Access Collection
995 _aMEDICAL LIBRARY OPEN ACCESS
_D0.00
_e731699
_FCBU-SCHOOL OF MEDICINE LIBRARY (Ndola)
_H2
_I40.00
_jQH 431 Str
_M2
_UAVAILABLE
_y029402
_ZMedical Library Open Access Collection
999 _c64257
_d64257